Palau Güell : Antoni Gaudí [Objecte] Antoni Gaudí [Objecte]
Descripción Física:
1 llibreta de paper quadriculat ; 21 x 15 cm
Otros Autores:
Gaudí, Antoni
MARC
| LEADER | 00000nam a2200000Ia 4500 | ||
|---|---|---|---|
| 001 | 22242 | ||
| 008 | 160829s9999 xx 000 0 cat d | ||
| 080 | |a NBM-4-7 | ||
| 245 | |a Palau Güell : |b Antoni Gaudí [Objecte] | ||
| 260 | |a Barcelona : |b Diputació de Barcelona, [2002] | ||
| 300 | |a 1 llibreta de paper quadriculat ; |c 21 x 15 cm | ||
| 700 | |a Gaudí, Antoni | ||
| 710 | 1 | |a Barcelona (Catalunya : Província). |b Diputació |9 52408 | |
| 901 | |a Arxiu | ||
| 942 | |n 1 | ||
| 952 | |0 0 |1 0 |4 0 |6 NBM47 |7 1 |9 50154 |a Arxiu |b Arxiu |d 2016-12-01 |l 0 |o NBM-4-7 |p 22242 |r 2016-12-01 00:00:00 |w 2016-12-01 |y ARXIU | ||
| 999 | |c 53996 |d 53996 | ||